| 000 | 00844nam a22002417a 4500 | ||
|---|---|---|---|
| 003 | UA-OsUOA | ||
| 001 | 119357 | ||
| 007 | ta | ||
| 008 | 20161021b un ||||| |||| 00| 0 ukr d | ||
| 100 | _aАнтонік В. І. | ||
| 090 |
_a611:612(075.8) _bА72 |
||
| 942 | _cBK | ||
| 040 |
_aUA-OsUOA _bukr _cUA-OsUOA _dUA-OsUOA |
||
| 245 |
_aАнатомія, фізіологія дітей з основами гігієни та фізичної культури _bнавчальний посібник _cІ. П. Антонік, В. Є. Андріанов |
||
| 300 | _a336 с. | ||
| 955 | _a2 | ||
| 041 | _aukr | ||
| 080 | _a611:612(075.8) | ||
| 020 | _a978-966-370-112-7 | ||
| 260 |
_aК. _bПрофесіонал _c2009 |
||
| 650 | 7 |
_a611 Анатомія. Людська та порівняльна анатомія _2UDC |
|
| 999 |
_c405425 _d405425 |
||